| 000 | 00615nam a2200217Ia 4500 | ||
|---|---|---|---|
| 001 | 15182 | ||
| 003 | AR-BaAGN | ||
| 005 | 20231117120900.0 | ||
| 007 | ta | ||
| 008 | 211213nuuuuuuuuxx |||||||||||||| ||spa d | ||
| 040 |
_dAR-BaAGN _aAR-BaAGN _bspa _eaacr |
||
| 100 | _aCharlo | ||
| 245 | 1 | 0 | _aVerdades para mi gremio |
| 260 |
_a[Lugar de publicación no identificado] : _bSindicato Argentino del Espectáculo Público, _c[fecha de publicación no identificada] |
||
| 300 | _a[14] páginas | ||
| 336 |
_2rdacontent _btxt |
||
| 337 |
_2rdamedia _bn |
||
| 338 |
_2rdacarrier _bnc |
||
| 942 | _cLIBRO | ||
| 999 |
_c15182 _d15182 |
||